Analýza pohybu pracovníkov vo výrobnom priestore

Salvato in:
Dettagli Bibliografici
Autore principale: Sith, Patrik (Autore)
Altri autori: Duchoň, František (Relatore della tesi)
Natura: Manoscritto Libro
Lingua:slovacco
Pubblicazione: Bratislava : STU v Bratislave FEI, 2025
Soggetti:
Accesso online:https://opac.crzp.sk/?fn=detailBiblioFormChildKAEI4N&sid=BA75C2D62745AD5727EC959ED92F&seo=CRZP-detail-kniha
Tags: Aggiungi Tag
Nessun Tag, puoi essere il primo ad aggiungerne!!

MARC

LEADER 00000ntm a22000003a 4500
001 stuzp101857
003 SK-STU
005 20260127122959.0
007 ta
008 150427s2015----xo-----f-mn---000-0-slo-d
040 |a STU  |b slo 
041 0 |a slo 
044 |a xo 
100 1 |a Sith, Patrik  |u 031000  |4 aut  |U FEI Fakulta elektrotechniky a informatiky  |T FEI Ústav robotiky a kybernetiky  |X 120476  |U E011  |Y 356  |7 120476 
242 0 1 |a Analysis of the Movement of Workers in the Production Area  |y eng 
245 1 0 |a Analýza pohybu pracovníkov vo výrobnom priestore 
260 |a Bratislava :  |b STU v Bratislave FEI,  |c 2025 
300 |a 49 s., príl. 
650 4 |a záverečná práca  |2 slo 
650 4 |a počítačové videnie  |2 slo 
650 4 |a YOLO  |2 slo 
650 4 |a neurónová sieť  |2 slo 
650 4 |a strojové učenie  |2 slo 
650 4 |a Final thesis  |2 eng 
650 4 |a Computer vision  |2 eng 
650 4 |a YOLO  |2 eng 
650 4 |a neural network  |2 eng 
650 4 |a machine learning  |2 eng 
700 1 |a Duchoň, František  |u 031000  |k Z1  |4 ths  |U FEI Fakulta elektrotechniky a informatiky  |T FEI Ústav robotiky a kybernetiky  |X 10329  |U E011  |Y 356  |7 A000010329 
856 4 |u https://opac.crzp.sk/?fn=detailBiblioFormChildKAEI4N&sid=BA75C2D62745AD5727EC959ED92F&seo=CRZP-detail-kniha